00484nam a2200193Ia 4500008004100000020001800041050001400059100002400073245002600097245004400123260001500167260001600182260000900198300001500207300002700222300001000249440002300259500000800282170918s9999 xx 000 0 und d a9780439696753 bT943 2003 aTurnbull, Stephanie aSun, moon and stars / cStephanie Turnbull ; designed Zoe Wray. aNew York : bScholastic, c2003 a32 pages : bcolored illustration ; c20cm. aUsborne beginners. a660